书目信息 |
| 题名: |
王克昌书法集
|
|
| 作者: | 王克昌 | |
| 分册: | ||
| 出版信息: | 北京 中国社会出版社 2000.08 |
|
| 页数: | 46页 | |
| 开本: | 16开 | |
| 丛书名: | ||
| 单 册: | ||
| 中图分类: | J221.8 , J292.2 | |
| 科图分类: | ||
| 主题词: | 书法--中国 , 篆刻--中国 | |
| 电子资源: | ||
| ISBN: | 7-80146-364-1 | |
| 000 | 00559nam0 2200205 45 | |
| 001 | 0011240901 | |
| 005 | 20080618105222.93 | |
| 010 | @a7-80146-364-1@d30.00元 | |
| 100 | @a20001124d2000 km y0chiy0120 ea | |
| 101 | 0 | @achi |
| 200 | 1 | @a王克昌书法集@Awang ke chang shu fa ji@f王克昌@Fwang ke chang |
| 210 | @a北京@c中国社会出版社@d2000.08 | |
| 215 | @a46页@d16开 | |
| 606 | 0 | @a书法@x中国 |
| 606 | 0 | @a篆刻@x中国 |
| 690 | @aJ221.8@v3 | |
| 690 | @aJ292.2@v4 | |
| 701 | 0 | @a王克昌@Awang ke chang |
| 801 | @aCN@c20080618 | |
| 905 | @b502485-494@dJ292.2@eW240@f10 | |
| 王克昌书法集/王克昌.-北京:中国社会出版社,2000.08 |
| 46页;16开 |
| ISBN 7-80146-364-1:30.00元 |
| ● |
| 相关链接 |
|
|
|
正题名:王克昌书法集
索取号:J292.2/W240
 
预约/预借
| 序号 | 登录号 | 条形码 | 馆藏地/架位号 | 状态 | 备注 |
| 1 | 452866 | 204528662 | 社科库309/309社科库 80排2列5层/ [索取号:J292.2/W240] | 在馆 |